00418nam a22001457a 4500008004100000020001800041041000800059080001500067100000700082101000800089245003400097942001200131999001700143952011200160181206b xxu||||| |||| 00| 0 eng d a9780136026990 aeng 28 THa311 a55 aSTA aModern Statistics cJoh.E.F 2udccBK c52977d52977 00102udc40708PËKGa002b002cPËKGd2018-12-06l0o311 JOHp002-3018886r2018-12-06w2018-12-06yBK